[Event "Charleroi op"]
[Site "Roux"]
[Date "2019.07.31"]
[Round "6"]
[White "Vernimmen, Pierre"]
[Black "Hafner, Christian"]
[Result "1-0"]
[WhiteElo "1911"]
[BlackElo "2071"]
[PlyCount "95"]
[EventDate "2019.07.27"]
[EventType "swiss"]
[EventRounds "9"]
[EventCountry "BEL"]
[SourceTitle "CBM 191 Extra"]
[Source "ChessBase"]
[SourceDate "2019.09.30"]
[SourceVersion "1"]
[SourceVersionDate "2019.09.30"]
[SourceQuality "1"]

1. d4 Nf6 2. c4 c5 3. d5 b5 4. cxb5 a6 5. bxa6 g6 6. Nc3 Bxa6 7. e4 Bxf1 8. Kxf1 d6 9. Nf3 Nbd7 10. g3 Bg7 11. Kg2 0-0 12. a4 Ng4 13. Qe2 Qb6 14. h3 Nge5 15. Nxe5 Nxe5 16. f4 Nd7 17. Bd2 Rfc8 18. b3 Bxc3 19. Bxc3 Qxb3 20. Qd3 Rxa4 21. Rxa4 Qxa4 22. Ra1 Qb3 23. Ra7 Rd8 24. Qd2 Qb6 25. Qa2 f6 26. Qa4 Qb1 27. Rxd7 Rxd7 28. Qxd7 Qxe4+ 29. Kh2 Kf7 30. Qe6+ Qxe6 31. dxe6+ Kxe6 32. Kg2 Kd5 33. Kf3 Kc4 34. Ba5 Kd3 35. Bd8 e5 36. Bxf6 e4+ 37. Kf2 d5 38. g4 d4 39. f5 e3+ 40. Kf3 c4 41. Bxd4 Kxd4 42. f6 c3 43. f7 c2 44. f8Q c1Q 45. Qd6+ Kc3 46. Qc5+ Kd2 47. Qxc1+ Kxc1 48. Kxe3 1-0

[Event "Charleroi op"]
[Site "Roux"]
[Date "2019.07.28"]
[Round "2"]
[White "Callier, Christophe"]
[Black "Hafner, Christian"]
[Result "0-1"]
[WhiteElo "1986"]
[BlackElo "2071"]
[PlyCount "66"]
[EventDate "2019.07.27"]
[EventType "swiss"]
[EventRounds "9"]
[EventCountry "BEL"]
[SourceTitle "CBM 191 Extra"]
[Source "ChessBase"]
[SourceDate "2019.09.30"]
[SourceVersion "1"]
[SourceVersionDate "2019.09.30"]
[SourceQuality "1"]

1. e4 c5 2. Nf3 d6 3. d4 cxd4 4. Nxd4 Nf6 5. Nc3 g6 6. Bc4 Bg7 7. f3 0-0 8. Be3 Nc6 9. Qd2 Bd7 10. 0-0-0 Rb8 11. Bb3 Na5 12. Bh6 Nxb3+ 13. axb3 Bxh6 14. Qxh6 e5 15. Nde2 Qc7 16. h4 b5 17. h5 Be6 18. g4 Bxb3 19. cxb3 b4 20. Ng3 bxc3 21. Nf5 cxb2+ 22. Kb1 Ne8 23. Qg5 f6 24. Nh6+ Kh8 25. Qd2 g5 26. Kxb2 Qb6 27. Qd5 Nc7 28. Qc4 Qf2+ 29. Ka1 Nb5 30. Rd3 Rb6 31. Qa4 Qc2 32. Rhd1 Nc3 33. Rxc3 Qxc3+ 0-1

[Event "BEL-chT 1516"]
[Site "Belgium"]
[Date "2016.03.20"]
[Round "9.7"]
[White "Mastalerz, Xavier"]
[Black "Hafner, Christian"]
[Result "1-0"]
[WhiteElo "2213"]
[BlackElo "2091"]
[PlyCount "63"]
[EventDate "2015.09.27"]
[EventType "team-tourn"]
[EventRounds "11"]
[EventCountry "BEL"]
[SourceTitle "EXT 2017"]
[Source "ChessBase"]
[SourceDate "2016.10.25"]
[SourceVersion "1"]
[SourceVersionDate "2016.10.25"]
[SourceQuality "1"]
[WhiteTeam "Fontaine"]
[BlackTeam "Namur"]
[WhiteTeamCountry "BEL"]
[BlackTeamCountry "BEL"]

1. d4 Nf6 2. Nf3 c5 3. c4 g6 4. Nc3 cxd4 5. Nxd4 Nc6 6. g3 Bg7 7. Bg2 0-0 8. 0-0 a6 9. c5 Nxd4 10. Qxd4 d6 11. cxd6 Qxd6 12. Qxd6 exd6 13. Bf4 Rd8 14. Rfd1 Ne8 15. Rd2 Rb8 16. Ne4 Bf8 17. Rad1 Be6 18. Nxd6 Nxd6 19. Rxd6 Rxd6 20. Bxd6 Bxd6 21. Rxd6 Bxa2 22. Rb6 Be6 23. Rxb7 Rxb7 24. Bxb7 a5 25. e4 Kf8 26. f4 Ke7 27. Kf2 Kd6 28. Ke3 Kc5 29. Kd3 Kb4 30. Bd5 a4 31. Kd4 h5 32. h4 1-0

[Event "BEL-chT 1516"]
[Site "Belgium"]
[Date "2016.03.06"]
[Round "8.8"]
[White "Mueller, Norbert"]
[Black "Hafner, Christian"]
[Result "1-0"]
[WhiteElo "2107"]
[BlackElo "2091"]
[PlyCount "155"]
[EventDate "2015.09.27"]
[EventType "team-tourn"]
[EventRounds "11"]
[EventCountry "BEL"]
[SourceTitle "EXT 2017"]
[Source "ChessBase"]
[SourceDate "2016.10.25"]
[SourceVersion "1"]
[SourceVersionDate "2016.10.25"]
[SourceQuality "1"]
[WhiteTeam "KSK Rochade"]
[BlackTeam "Namur"]
[WhiteTeamCountry "BEL"]
[BlackTeamCountry "BEL"]

1. d4 Nf6 2. c4 c5 3. d5 b5 4. cxb5 a6 5. bxa6 g6 6. Nc3 Bxa6 7. g3 d6 8. Bg2 Bg7 9. Nf3 0-0 10. 0-0 Nbd7 11. Re1 Ng4 12. Qc2 Qb6 13. h3 Nge5 14. Rb1 Nxf3+ 15. Bxf3 Ne5 16. Bg2 Rfb8 17. b3 Qa5 18. Bd2 Qa3 19. Bc1 Qa5 20. Bd2 Qa3 21. Bc1 Qb4 22. Bb2 c4 23. Ba1 cxb3 24. Rxb3 Qc5 25. Reb1 Rc8 26. Qd1 Nc4 27. Ne4 Qa7 28. Bxg7 Kxg7 29. a4 Na5 30. Rb6 Nc4 31. R6b4 Rab8 32. Rxb8 Rxb8 33. Rxb8 Qxb8 34. Qd4+ f6 35. Nc3 Qb6 36. Qxb6 Nxb6 37. Bf1 f5 38. f3 Kf6 39. e4 Bxf1 40. Kxf1 Nc4 41. f4 fxe4 42. Nxe4+ Kf5 43. Nc3 h5 44. Ke2 h4 45. Kf3 hxg3 46. Kxg3 e5 47. dxe6 Kxe6 48. Kg4 d5 49. Nb5 Kf6 50. Nd4 Ne3+ 51. Kf3 Nc4 52. h4 Ke7 53. Kg4 Kf6 54. Nb3 Ne3+ 55. Kf3 Nc4 56. a5 Ke6 57. Kg4 Kf6 58. a6 Ne3+ 59. Kf3 Nc4 60. Nd4 Ke7 61. Kg4 Kf6 62. a7 Nb6 63. Kf3 Na8 64. Ke3 Kg7 65. Nb5 Kh6 66. Kf3 Kh5 67. Kg3 Nb6 68. Nd4 Na8 69. f5 g5 70. hxg5 Kxg5 71. Kf3 Nb6 72. Ke3 Na8 73. Kd3 Kf6 74. Kc3 Ke5 75. Kb4 Kd6 76. Kb5 Kc7 77. f6 Kd6 78. Ka6 1-0

[Event "BEL-chT 1415"]
[Site "Belgium"]
[Date "2014.10.19"]
[Round "2.7"]
[White "Vanheirzeele, Daniel"]
[Black "Hafner, Christian"]
[Result "1/2-1/2"]
[WhiteElo "2091"]
[BlackElo "2104"]
[PlyCount "65"]
[EventDate "2014.09.28"]
[EventType "team-swiss"]
[EventRounds "11"]
[EventCountry "BEL"]
[SourceTitle "EXT 2015"]
[Source "ChessBase"]
[SourceDate "2014.11.20"]
[SourceVersion "1"]
[SourceVersionDate "2014.11.20"]
[SourceQuality "1"]
[WhiteTeam "KGSRL"]
[BlackTeam "Namur"]
[WhiteTeamCountry "BEL"]
[BlackTeamCountry "BEL"]

1. d4 Nf6 2. c4 g6 3. Nc3 d5 4. Nf3 Bg7 5. Qb3 dxc4 6. Qxc4 0-0 7. e4 a6 8. e5 b5 9. Qb3 Be6 10. exf6 Bxb3 11. fxg7 Kxg7 12. axb3 Nc6 13. Be3 Nb4 14. Rc1 Qd7 15. Be2 Rad8 16. 0-0 Qe6 17. Nd2 f5 18. g3 h6 19. Rfe1 g5 20. d5 Nxd5 21. Bd4+ Nf6 22. Bxb5 Qc8 23. Rxe7+ Kg6 24. Be2 Rxd4 25. Nf3 Nd5 26. Nxd5 Rxd5 27. Rcxc7 Qd8 28. Rg7+ Kf6 29. Rh7 Kg6 30. Rhg7+ Kf6 31. Rh7 Kg6 32. Rhg7+ Kf6 33. Rh7 1/2-1/2

[Event "BEL-chT 1011"]
[Site "Belgium"]
[Date "2011.03.20"]
[Round "10.6"]
[White "Erwich, Frank"]
[Black "Hafner, Christian"]
[Result "1-0"]
[WhiteElo "2333"]
[BlackElo "2128"]
[PlyCount "101"]
[EventDate "2010.09.26"]
[EventType "team-tourn"]
[EventRounds "11"]
[EventCountry "BEL"]
[SourceTitle "EXT 2012"]
[Source "ChessBase"]
[SourceDate "2011.11.24"]
[SourceVersion "1"]
[SourceVersionDate "2011.11.24"]
[SourceQuality "1"]
[WhiteTeam "Ans"]
[BlackTeam "Namur"]
[WhiteTeamCountry "BEL"]
[BlackTeamCountry "BEL"]

1. c4 Nf6 2. Nc3 c5 3. Nf3 Nc6 4. e3 g6 5. d4 cxd4 6. exd4 Bg7 7. d5 Nb8 8. Be2 d6 9. 0-0 Bg4 10. Be3 Nbd7 11. Rc1 0-0 12. b4 Bxf3 13. Bxf3 Rc8 14. Qb3 a6 15. Na4 Ne5 16. Be2 Nxc4 17. Rxc4 Rxc4 18. Qxc4 b5 19. Qc6 bxa4 20. Bxa6 Qd7 21. Qxd7 Nxd7 22. b5 Nc5 23. Rc1 Rb8 24. Bxc5 dxc5 25. Rxc5 Be5 26. Kf1 a3 27. Ke2 Kg7 28. Kd3 Bxh2 29. g3 h5 30. Rc3 h4 31. Ke4 hxg3 32. fxg3 f5+ 33. Ke5 Bg1 34. Rxa3 Bc5 35. Rc3 Bb4 36. Rb3 Bd6+ 37. Ke6 Rb6 38. Kd7 Kf6 39. Rc3 Ke5 40. a4 Kxd5 41. a5 Rb8 42. b6 Kd4 43. Rc4+ Kd5 44. Rc3 Kd4 45. Rd3+ Kc5 46. Rxd6 exd6 47. Kc7 Rh8 48. Bc8 d5 49. b7 Rh7+ 50. Bd7 Rh8 51. a6 1-0

[Event "Arctic Chess Challenge"]
[Site "Tromsoe"]
[Date "2008.08.10"]
[Round "9"]
[White "Marks, Ian Alexander"]
[Black "Hafner, Christian"]
[Result "1-0"]
[WhiteElo "1934"]
[BlackElo "2131"]
[PlyCount "75"]
[EventDate "2008.08.02"]
[EventType "swiss"]
[EventRounds "9"]
[EventCountry "NOR"]
[SourceTitle "CBM 125 Extra"]
[Source "ChessBase"]
[SourceDate "2008.09.01"]
[SourceVersion "1"]
[SourceVersionDate "2008.09.01"]
[SourceQuality "1"]

1. e4 Nf6 2. e5 Nd5 3. d4 d6 4. Nf3 Bg4 5. Be2 c6 6. 0-0 Bxf3 7. Bxf3 dxe5 8. dxe5 e6 9. c4 Ne7 10. Qxd8+ Kxd8 11. Be4 Nd7 12. f4 g6 13. Nd2 Nf5 14. Nf3 Bc5+ 15. Kh1 h5 16. g3 Ke7 17. Bd2 a5 18. Kg2 Rhd8 19. Rfd1 Bb6 20. h3 Nc5 21. Bc2 Rd7 22. g4 hxg4 23. hxg4 Nd4 24. Nxd4 Rxd4 25. b3 Nd3 26. Bxd3 Rxd3 27. Bb4+ axb4 28. Rxd3 Bc5 29. Kf3 Rd8 30. Rxd8 Kxd8 31. Rh1 b6 32. Rh7 Ke7 33. Ke4 Bf2 34. f5 gxf5+ 35. gxf5 Bg1 36. f6+ Ke8 37. Rh8+ Kd7 38. Rf8 1-0

[Event "Arctic Chess Challenge"]
[Site "Tromsoe"]
[Date "2008.08.09"]
[Round "8"]
[White "Hafner, Christian"]
[Black "Carlsen, Ellen Oen"]
[Result "1/2-1/2"]
[WhiteElo "2131"]
[BlackElo "1874"]
[PlyCount "47"]
[EventDate "2008.08.02"]
[EventType "swiss"]
[EventRounds "9"]
[EventCountry "NOR"]
[SourceTitle "CBM 125 Extra"]
[Source "ChessBase"]
[SourceDate "2008.09.01"]
[SourceVersion "1"]
[SourceVersionDate "2008.09.01"]
[SourceQuality "1"]

1. c4 Nf6 2. g3 g6 3. Bg2 Bg7 4. Nc3 c5 5. Nf3 Nc6 6. 0-0 d6 7. d4 cxd4 8. Nxd4 Bd7 9. e3 0-0 10. b3 a6 11. Bb2 Rb8 12. Qd2 Re8 13. Rfd1 Nxd4 14. Qxd4 Ng4 15. Qd2 Bc6 16. Nd5 Bxb2 17. Qxb2 Ne5 18. c5 e6 19. Nf4 Qf6 20. Qd4 Bxg2 21. Kxg2 dxc5 22. Qxc5 Rbc8 23. Qd4 Red8 24. Qe4 1/2-1/2

[Event "Arctic Chess Challenge"]
[Site "Tromsoe"]
[Date "2008.08.07"]
[Round "6"]
[White "Hafner, Christian"]
[Black "Lahlum, Hans Olav"]
[Result "1/2-1/2"]
[WhiteElo "2131"]
[BlackElo "2201"]
[PlyCount "24"]
[EventDate "2008.08.02"]
[EventType "swiss"]
[EventRounds "9"]
[EventCountry "NOR"]
[SourceTitle "CBM 125 Extra"]
[Source "ChessBase"]
[SourceDate "2008.09.01"]
[SourceVersion "1"]
[SourceVersionDate "2008.09.01"]
[SourceQuality "1"]

1. e4 e6 2. d4 d5 3. Nc3 Bb4 4. Qg4 Nf6 5. Qxg7 Rg8 6. Qh6 c5 7. e5 cxd4 8. a3 Bf8 9. Qxf6 Qxf6 10. exf6 dxc3 11. Ne2 Nd7 12. Nxc3 a6 1/2-1/2

[Event "Baltic Sea Cup"]
[Site "Ronne"]
[Date "2007.08.05"]
[Round "9.29"]
[White "Hafner, Christian"]
[Black "Schmitz, Manuela"]
[Result "1/2-1/2"]
[WhiteElo "2159"]
[BlackElo "2031"]
[PlyCount "24"]
[EventDate "2007.07.30"]
[EventType "swiss"]
[EventRounds "9"]
[EventCountry "DEN"]
[SourceTitle "EXT 2023"]
[Source "ChessBase"]
[SourceDate "2022.10.05"]
[SourceVersion "1"]
[SourceVersionDate "2022.10.05"]
[SourceQuality "1"]

1. e4 e6 2. d4 d5 3. Nc3 Bb4 4. Qg4 Nf6 5. Qxg7 Rg8 6. Qh6 dxe4 7. Nge2 Nc6 8. Be3 Rg6 9. Qh4 Rg4 10. Qh6 Rg6 11. Qh4 Rg4 12. Qh6 Rg6 1/2-1/2

[Event "Baltic Sea Cup"]
[Site "Ronne"]
[Date "2007.08.01"]
[Round "3.44"]
[White "Hafner, Christian"]
[Black "Kristiansen, Orla"]
[Result "1-0"]
[WhiteElo "2159"]
[BlackElo "1842"]
[PlyCount "87"]
[EventDate "2007.07.30"]
[EventType "swiss"]
[EventRounds "9"]
[EventCountry "DEN"]
[SourceTitle "EXT 2023"]
[Source "ChessBase"]
[SourceDate "2022.10.05"]
[SourceVersion "1"]
[SourceVersionDate "2022.10.05"]
[SourceQuality "1"]

1. e4 e6 2. d4 d5 3. Nc3 Bb4 4. Qg4 dxe4 5. Qxg7 Qf6 6. Qxf6 Nxf6 7. Nge2 b6 8. Bd2 Bb7 9. Nxe4 Bxe4 10. Bxb4 Bxc2 11. Nc3 c6 12. Rc1 Bg6 13. Be2 a5 14. Ba3 Kd7 15. 0-0 Na6 16. Bf3 Rhc8 17. Na4 Rab8 18. Rfe1 Nd5 19. Bxd5 cxd5 20. Rxc8 Kxc8 21. Bd6 Rb7 22. a3 Kd7 23. Be5 b5 24. Nc5+ Nxc5 25. dxc5 Kc6 26. b4 axb4 27. axb4 Ra7 28. Ra1 Rxa1+ 29. Bxa1 h5 30. f3 Kd7 31. Bf6 Kc6 32. Kf2 d4 33. Bxd4 Kd5 34. Bc3 f5 35. Kg3 Bf7 36. Kf4 Be8 37. h3 Bf7 38. Kg5 Be8 39. Kf6 Bd7 40. g4 fxg4 41. fxg4 hxg4 42. hxg4 e5 43. g5 e4 44. g6 1-0

[Event "Reunion op 07th"]
[Site "Reunion"]
[Date "2004.10.11"]
[Round "4"]
[White "Lacrosse, Marc"]
[Black "Hafner, Christian"]
[Result "1-0"]
[WhiteElo "2264"]
[BlackElo "2167"]
[PlyCount "56"]
[EventDate "2004.10.09"]
[EventType "swiss"]
[EventRounds "9"]
[EventCountry "RUF"]
[SourceTitle "CBM 102 Extra"]
[Source "ChessBase"]
[SourceDate "2004.11.03"]
[SourceVersion "1"]
[SourceVersionDate "2004.11.03"]
[SourceQuality "1"]

1. d4 d5 2. c4 e6 3. Nf3 Nf6 4. Bg5 c6 5. Nc3 dxc4 6. e4 b5 7. e5 h6 8. Bh4 g5 9. exf6 gxh4 10. Ne5 Qxf6 11. g3 Bb7 12. Bg2 a6 13. 0-0 Nd7 14. Qe2 Nxe5 15. dxe5 Qg7 16. Rad1 Bc5 17. Qd2 0-0 18. Ne4 Bb6 19. Qf4 hxg3 20. hxg3 Rfd8 21. Bf3 Rxd1 22. Rxd1 Rd8 23. Nf6+ Kh8 24. Rxd8+ Bxd8 25. Qd4 Bxf6 26. exf6 Qf8 27. Qd7 Ba8 28. Qe7 Kg8 1-0

[Event "Reunion op 07th"]
[Site "Reunion"]
[Date "2004.10.10"]
[Round "2"]
[White "Dervieux, Dominique"]
[Black "Hafner, Christian"]
[Result "0-1"]
[WhiteElo "1800"]
[BlackElo "2167"]
[PlyCount "124"]
[EventDate "2004.10.09"]
[EventType "swiss"]
[EventRounds "9"]
[EventCountry "RUF"]
[SourceTitle "CBM 102 Extra"]
[Source "ChessBase"]
[SourceDate "2004.11.03"]
[SourceVersion "1"]
[SourceVersionDate "2004.11.03"]
[SourceQuality "1"]

1. d4 d5 2. Nf3 Nf6 3. e3 Bf5 4. Bd3 Bxd3 5. Qxd3 c6 6. Nbd2 Nbd7 7. c4 e6 8. 0-0 Bd6 9. e4 dxe4 10. Nxe4 Nxe4 11. Qxe4 Nf6 12. Qc2 h6 13. b3 Qc7 14. Re1 0-0-0 15. Bb2 Rhe8 16. Rad1 Nd7 17. Ne5 Nxe5 18. dxe5 Bc5 19. a3 a5 20. Kf1 Qb6 21. f4 g5 22. f5 Bd4 23. f6 Rd7 24. Bxd4 Rxd4 25. Rxd4 Qxd4 26. Qe4 Rd8 27. Qxd4 Rxd4 28. Re3 a4 29. b4 Rxc4 30. Rh3 Re4 31. Rxh6 Rxe5 32. Rh8+ Kc7 33. Ra8 Rf5+ 34. Ke2 Rxf6 35. Rxa4 Rh6 36. h3 f5 37. Ra8 Rg6 38. Rh8 Rg7 39. Ke3 Kd6 40. Rd8+ Ke5 41. a4 g4 42. h4 f4+ 43. Kf2 Ke4 44. h5 g3+ 45. Ke2 Rh7 46. Rd6 e5 47. h6 Kf5 48. a5 Kg5 49. Re6 Kf5 50. Rd6 Rc7 51. Rd8 c5 52. bxc5 Kg5 53. Rd6 Rxc5 54. h7 Rc8 55. Rd7 e4 56. Rg7+ Kh6 57. Rg8 Rc2+ 58. Kd1 Kxh7 59. Rxg3 fxg3 60. Kxc2 Kg6 61. Kd2 Kf5 62. Ke3 Ke5 0-1

[Event "Vlissingen HZ op 08th"]
[Site "Vlissingen"]
[Date "2004.08.10"]
[Round "5"]
[White "Pauwels, Rudi"]
[Black "Hafner, Christian"]
[Result "0-1"]
[WhiteElo "2001"]
[BlackElo "2153"]
[PlyCount "56"]
[EventDate "2004.08.07"]
[EventType "swiss"]
[EventRounds "9"]
[EventCountry "NED"]
[SourceTitle "CBM 101 Extra"]
[Source "ChessBase"]
[SourceDate "2004.09.01"]
[SourceVersion "2"]
[SourceVersionDate "2004.09.01"]
[SourceQuality "1"]

1. d4 d5 2. Nf3 Nf6 3. e3 c6 4. Bd3 Bg4 5. Nbd2 Nbd7 6. h3 Bh5 7. c4 e6 8. Qb3 Qc7 9. Ne5 Nxe5 10. dxe5 Nd7 11. f4 0-0-0 12. 0-0 f6 13. cxd5 fxe5 14. dxc6 Nc5 15. cxb7+ Kb8 16. Qc4 Nxd3 17. Qxc7+ Kxc7 18. g4 Bg6 19. Nb3 Kxb7 20. fxe5 Bc5 21. Rd1 Bb6 22. Nd4 Rxd4 23. exd4 Bxd4+ 24. Kg2 Rf8 25. h4 Be4+ 26. Kg3 Rf3+ 27. Kh2 Rf2+ 28. Kh3 Bxe5 0-1

[Event "Vlissingen HZ op 07th"]
[Site "Vlissingen"]
[Date "2003.08.07"]
[Round "7"]
[White "Haub, Thorsten Michael"]
[Black "Hafner, Christian"]
[Result "1-0"]
[WhiteElo "2397"]
[BlackElo "2145"]
[PlyCount "61"]
[EventDate "2003.08.02"]
[EventType "swiss"]
[EventRounds "9"]
[EventCountry "NED"]
[SourceTitle "CBM 095 Extra"]
[Source "ChessBase"]
[SourceDate "2003.09.04"]
[SourceVersion "1"]
[SourceVersionDate "2003.09.04"]
[SourceQuality "1"]

1. Nf3 d6 2. g3 Bg4 3. Bg2 c6 4. d3 Nd7 5. h3 Bh5 6. Nbd2 e5 7. e4 Be7 8. Qe2 Qc7 9. Nc4 0-0-0 10. Bd2 Rf8 11. Ne3 Bxf3 12. Bxf3 g6 13. 0-0-0 Nc5 14. h4 h5 15. Kb1 Ne6 16. c3 Bf6 17. Bg2 Kb8 18. Nc2 Bg7 19. f4 Nh6 20. Bh3 f5 21. fxe5 dxe5 22. d4 exd4 23. exf5 d3 24. Qxd3 Nxf5 25. Qc4 Qf7 26. Ne3 Nxe3 27. Bxe3 Nc7 28. Qc5 Nb5 29. Rhf1 Qe8 30. Bf4+ Ka8 31. Rfe1 1-0

[Event "Ronne Jubilaum"]
[Site "Ronne"]
[Date "2001.06.27"]
[Round "5"]
[White "Hafner, Christian"]
[Black "Angskog, Kent"]
[Result "1/2-1/2"]
[WhiteElo "2111"]
[BlackElo "2160"]
[PlyCount "44"]
[EventDate "2001.06.24"]
[EventType "swiss"]
[EventRounds "9"]
[EventCountry "DEN"]
[SourceTitle "EXT 2023"]
[Source "ChessBase"]
[SourceDate "2022.10.05"]
[SourceVersion "1"]
[SourceVersionDate "2022.10.05"]
[SourceQuality "1"]

1. e4 g6 2. d4 Bg7 3. Nc3 d6 4. Be3 a6 5. Qd2 b5 6. f3 Nd7 7. g4 c5 8. 0-0-0 Qa5 9. Kb1 b4 10. Nd5 e6 11. dxc5 dxc5 12. Nf4 Ne7 13. h4 h6 14. Nge2 c4 15. Nxe6 fxe6 16. Nf4 Bxb2 17. Bxc4 Bc3 18. Qd6 Qe5 19. Nxe6 Qxd6 20. Rxd6 Rb8 21. Nc7+ Kf8 22. Ne6+ Ke8 1/2-1/2